| 000 | 00474nam a2200193 a 4500 | ||
|---|---|---|---|
| 001 | 1767765542621 | ||
| 003 | YourLibrary | ||
| 005 | 20260107144640.0 | ||
| 008 | 260107s2002##################000#0#eng## | ||
| 020 | _a9780761973386 | ||
| 082 | 0 | 4 |
_a300.723 _bDEV.4 |
| 100 | 1 |
_aVaus, D. A. De, _eauthor. |
|
| 245 | 1 | 0 | _aSocial Surveys : |
| 260 | _c2002. | ||
| 300 | _a432 pages | ||
| 650 | 0 | _aSocial surveys. | |
| 942 | _cENGLISH | ||
| 040 |
_aYourLibrary _beng _cYourLibrary |
||
| 999 |
_c607524 _d607524 |
||